Normal view MARC view
  • GUPTA, DR. REWATHI & PACHORE, ARCHANA AND MAHAJAN, VINAY

Entry Personal Name

Number of records used in: 1

001 - CONTROL NUMBER

  • control field: 8808

003 - CONTROL NUMBER IDENTIFIER

  • control field: JRU

005 - DATE AND TIME OF LATEST TRANSACTION

  • control field: 20251125091247.0

008 - FIXED-LENGTH DATA ELEMENTS

  • fixed length control field: 251125|| aca||aabn | a|a d

040 ## - CATALOGING SOURCE

  • Original cataloging agency: JRU
  • Transcribing agency: JRU

100 ## - HEADING--PERSONAL NAME

  • Personal name: GUPTA, DR. REWATHI & PACHORE, ARCHANA AND MAHAJAN, VINAY

670 ## - SOURCE DATA FOUND

  • Source citation: Work cat.: (JRU)8987: GUPTA, DR. REWATHI & PACHORE, ARCHANA AND MAHAJAN, VINAY , PRACTICAL BOOK OF COMMUNITY: AS PER PCI REGULATIONS FOR B PHARMA [2ND YEAR], 2025